Los mitos de los dioses griegos: contados por Demetrio
Furkejuvvon:
| Váldodahkkit: | , |
|---|---|
| Materiálatiipa: | Girji |
| Giella: | espánnjágiella |
| Almmustuhtton: |
Santiago
Universitaria
1996
|
| Preanttus: | 4a. ed |
| Ráidu: | Colección Fuera de Serie
|
| Fáttát: | |
| Fáddágilkorat: |
Lasit fáddágilkoriid
Eai fáddágilkorat, Lasit vuosttaš fáddágilkora!
|
MARC
| LEADER | 00000nam a2200000 a 4500 | ||
|---|---|---|---|
| 001 | UCP0492 | ||
| 003 | CL-VaPUC | ||
| 008 | 990313e19960000CL |||||||||||||||||spa|d | ||
| 082 | 0 | 4 | |a 291.13 |b AND |2 21 |
| 100 | 0 | |a Andrade Berisso, Gabriela |e author |9 425806 | |
| 700 | 0 | |a Vial Cox, María Luisa |e author |9 425807 | |
| 245 | 1 | 4 | |a Los mitos de los dioses griegos: contados por Demetrio |
| 250 | |a 4a. ed | ||
| 300 | |a 224 p | ||
| 942 | |c BK | ||
| 945 | |d 19990313 00:00:00 |a aarredon | ||
| 260 | |a Santiago |b Universitaria |c 1996 | ||
| 500 | |a 1 mapa fuera de texto | ||
| 650 | 0 | |a Mitología griega |9 265313 | |
| 650 | 7 | |a DIOSES GRIEGOS |2 CL-VaPUC |9 319074 | |
| 583 | |a last modification |c 19990313 00:00:00 |k Rodrigo Vera | ||
| 490 | 0 | |a Colección Fuera de Serie | |
| 999 | |c 279267 |d 279265 | ||